00425nam a2200157Ia 4500008004100000020001800041082001700059100001900076245007000095250000800165260002500173300001200198500002400210650001500234700001800249230524s9999 xx 000 0 und d a9788120333055 a658.162bCLO aKenneth E.Clow 0a"Integrated Advertising, Promotion, And Marketing Communications" aIST aNEW DELHIbPHIc2007 aXII;505 aQuantity Number: 2 aManagement a Donald Baack